| 000 | 00492nam a22001337a 4500 | ||
|---|---|---|---|
| 008 | 230428b |||||||| |||| 00| 0 eng d | ||
| 040 |
_aNational Science Library _cNational Science Library |
||
| 080 | _a539(05) | ||
| 245 |
_aNuclear physics symposium _c/ Proceedings of the nuclear........................................27 February - 2 March, 1963 Bombay |
||
| 260 |
_aIndia: _bDepartment of Atomic Energy, _c1963 |
||
| 300 | _axiii, 463+xviiip. | ||
| 650 | _aProceedings | ||
| 942 |
_2udc _cPR |
||
| 999 |
_c24565 _d24565 |
||